000 00494nam a2200169Ia 4500
005 20250923144957.0
008 008 250917s9999 xx 000 0 eng d
037 _aTextual
040 _aDSWL
_beng
_cDSWL
041 _aeng
_2eng
084 _qDSWL
245 0 _aPilot Development Project Etawat
_cby Planning Research Action Institute
260 _aUP
_bPlanning Research Action Institute Planning Dept.
_c1960
300 _a103 p.
942 _cTEXL
999 _c1445592
_d1445592